000 00651nam a2200217 i 4500
001 C2-0120680
003 PPAK
005 20180727112711.0
008 970814s1967 caua|||| ||||| | eng d
040 _aPPAK
_beng
_cPPAK
_erda
082 0 4 _a428.4
_223
090 0 0 _a428.4
_bROB
_dG
100 1 _aRoberts, Paul,
_eauthor
245 1 4 _aThe Roberts English Series : a linguistics program
264 1 _aCalifornia :
_bCalifornia States Department Of Education ,
_c1967
300 _axv, 304 pages :
_bcolour illustrations ;
_c24 cm
336 _2rdacontent
_atext
337 _2rdamedia
_aunmediated
338 _2rdacarrier
_avolume
942 _ddc
_cB
999 _c33953
_d33953